000 00918nam a2200253Ia 4500
003 OSt
005 20220925203407.0
006 a|||||r|||| 00| 0
007 ta
008 220923b |||||||| |||| 00| 0 eng d
020 _a0822324393
_c1183.6800000000001
037 _bRKBA\ 09-10 \ 4668, 12/07/2012, RAJKIRAN BOOK AGENCY
_cGeneral Book
040 _aRTL
_cRTL
_beng
041 _2eng
_aeng
082 _aY15:3(D65,8(B).792, Q0
100 _aFREEMAN Carla
_9265812
245 0 _aHigh tech and high heels in the global economy
_b Women, work and pink- collar identities in the caribbean
260 _aDurham
_bDuke University Press
_c2000
300 _axiii, 334p
_ccm.
500 _aBibliography: P.293-322
650 _aSociology
942 _hY15:3(D65,8(B).792, Q0
_cGB
_2CC
999 _c546212
_d546212